Business / (Record no. 10521)
[ view plain ]
| 000 -LEADER | |
|---|---|
| fixed length control field | 00653cam a2200193 a 4500 |
| 020 ## - ISBN | |
| International Standard Book Number | 0395900808 (library ed.) |
| 020 ## - ISBN | |
| International Standard Book Number | 0395900794 (student text) |
| 050 00 - LIBRARY OF CONGRESS CALL NUMBER | |
| Classification Number | HD70.U5 |
| Item Number | P68 1999 |
| 100 1# - MAIN ENTRY--Author | |
| Personal name | Pride, William M., |
| Dates associated with a name | 1942- |
| 245 10 - TITLE | |
| Title | Business / |
| Statement of responsibility, etc | William M. Pride, Robert J. Hughes, Jack R. Kapoor. |
| 250 ## - EDITIONSTATEMENT | |
| Edition statement | 6th ed. |
| 260 ## - PUBLICATION, DISTRIBUTION, ETC.(IMPRINT) | |
| Place of publication, distribution, etc | Boston : |
| Name of publisher, distributor, etc | Houghton Mifflin Co., |
| Date of publication, distribution, etc | c1999. |
| 300 ## - PHYSICAL DESCRIPTION | |
| Extent | xxxi, 591, 86 p. : |
| 500 ## - GENERALNOTE | |
| General note | Includes index. |
| 650 ## - SUBJECT--TOPIC | |
| General subdivision | Business enterprises ; |
| -- | Industrial management ; |
| -- | Management ; |
| -- | Business ; |
| -- | United States ; |
| -- | Canada. |
| 700 1# - ADDED ENTRY--PERSONAL AUTHOR | |
| Personal Name | Hughes, Robert James, |
| 700 1# - ADDED ENTRY--PERSONAL AUTHOR | |
| Personal Name | Kapoor, Jack R., |
| 942 ## - ADDED ENTRY ELEMENTS(KOHA) | |
| Source of classification or shelving scheme | Library of Congress Classification |
| Koha item type | General circulation |
| Source of classification or shelving scheme | Not for loan | Location (home branch) | Sublocation (holding branch) | Shelving location | Date accessioned | Cost, normal purchase price | Full call number | Barcode | Cost, replacement price | Nonpublic note | Koha item type | Public note |
|---|---|---|---|---|---|---|---|---|---|---|---|---|
| Library of Congress Classification | Mtito Andei Centre Library | Mtito Andei Centre Library | 05/02/2016 | 8796.00 | HD70.U5 P68 1999 | 2015/008746 | 9675.00 | Nzk | General circulation | Nzk |